000 00526nam a2200181Ia 4500
005 20250508150215.0
008 008 250505s9999 xx 000 0 eng d
037 _aTextual
040 _aFEDL
_beng
_cFEDL
041 _aeng
_2eng
084 _a652, CLA
_qFEDL
100 _aClark Cumberland
_9756015
245 0 _aArt of early writing with special reference to the cuneiform system
260 _aLondon, UK
_bThe Mitre Press
_c1938
300 _a151p
942 _cTEXL
_h652, CLA
999 _c1322390
_d1322390